Catálogo público

Compilación de materiales periodísticos de interés universitario. (Record no. 63300)

MARC details
000 -CABECERA
campo de control de longitud fija 01473nam a22003857a 4500
001 - NÚMERO DE CONTROL
campo de control 000064617
003 - IDENTIFICADOR DEL NÚMERO DE CONTROL
campo de control CHAP
005 - FECHA Y HORA DE LA ÚLTIMA TRANSACCIÓN
campo de control 20220329141136.0
008 - DATOS DE LONGITUD FIJA--INFORMACIÓN GENERAL
campo de control de longitud fija 971010s1981 r 00010 d
010 ## - NÚMERO DE CONTROL DE LA BIBLIOTECA DEL CONGRESO
Número de control de LC 63300
011 ## - ENLACE DEL NUMERO DE CONTROL DE LA BIBLIOTECA DEL CONGRESO [OBSOLETO]
Número de control de LC 64272
035 ## - NÚMERO DE CONTROL DEL SISTEMA
Número de control de sistema 69549
040 ## - FUENTE DE LA CATALOGACIÓN
Centro/agencia transcriptor CHAP
082 04 - NÚMERO DE LA CLASIFICACIÓN DECIMAL DEWEY
Número de clasificación 070.486
Número de documento/Ítem G8
245 10 - MENCIÓN DE TÍTULO
Título Compilación de materiales periodísticos de interés universitario.
260 ## - PUBLICACIÓN, DISTRIBUCIÓN, ETC.
Lugar de publicación, distribución, etc. Chapingo, Méx. :
Nombre del editor, distribuidor, etc. UACH. Departamento de Zootecnia,
Fecha de publicación, distribución, etc. 1981.
300 ## - DESCRIPCIÓN FÍSICA
Extensión 4 v.
500 ## - NOTA GENERAL
Nota general La biblioteca tiene : v.1 17 de feb.- 9 de marzo-- v.2 10 al 26 de marzo v.3 27 de marzo al 9 de abril v.4 al 27 de abril
590 ## - NOTA LOCAL (RLIN)
Nota local BATCH-UPD
Procedencia (VM) [OBSOLETO] 10
Condición del los carretes individuales (VM) [OBSOLETO] 20130110
-- UCH01
-- 1806
590 ## - NOTA LOCAL (RLIN)
Nota local BATCH-UPD
Procedencia (VM) [OBSOLETO] 10
Condición del los carretes individuales (VM) [OBSOLETO] 20130410
-- UCH01
-- 1142
590 ## - NOTA LOCAL (RLIN)
Nota local BATCH-UPD
Procedencia (VM) [OBSOLETO] 10
Condición del los carretes individuales (VM) [OBSOLETO] 20130914
-- UCH01
-- 1024
590 ## - NOTA LOCAL (RLIN)
Nota local CONVERSION
Procedencia (VM) [OBSOLETO] 10
Condición del los carretes individuales (VM) [OBSOLETO] 20130109
-- UCH01
-- 1334
590 ## - NOTA LOCAL (RLIN)
Nota local E5995AHE
Procedencia (VM) [OBSOLETO] 05
Condición del los carretes individuales (VM) [OBSOLETO] 20150217
-- UCH01
-- 1132
650 #4 - PUNTO DE ACCESO ADICIONAL DE MATERIA--TÉRMINO DE MATERIA
Término de materia o nombre geográfico como elemento de entrada Comunicación en agricultura.
9 (RLIN) 26212
650 #4 - PUNTO DE ACCESO ADICIONAL DE MATERIA--TÉRMINO DE MATERIA
Término de materia o nombre geográfico como elemento de entrada Periodismo agrícola.
9 (RLIN) 87178
700 00 - PUNTO DE ACCESO ADICIONAL--NOMBRE DE PERSONA
Nombre de persona Gutiérrez Soria, Pedro
Término indicativo de función/relación comp.
9 (RLIN) 51841
901 ## - ELEMENTOS DE DATOS A LOCAL LDA (RLIN)
a BK
942 ## - ELEMENTOS DE PUNTO DE ACCESO ADICIONAL (KOHA)
Tipo de ítem Koha Libro
942 ## - ELEMENTOS DE PUNTO DE ACCESO ADICIONAL (KOHA)
Suprimir en OPAC 0
949 ## - PROCESAMIENTO DE INFORMACIÓN LOCAL (OCLC)
a 070.486 G8
b BC
c LIBRO
d -54573
e LIBRO
f v.1
h 60343
i 69549
s i
949 ## - PROCESAMIENTO DE INFORMACIÓN LOCAL (OCLC)
a 070.486 G8
b BC
c LIBRO
d -54575
e LIBRO
f v.2
h 60344
i 69549
s i
949 ## - PROCESAMIENTO DE INFORMACIÓN LOCAL (OCLC)
a 070.486 G8
b BC
c LIBRO
d -54576
e LIBRO
f v.3
h 60345
i 69549
s i
949 ## - PROCESAMIENTO DE INFORMACIÓN LOCAL (OCLC)
a 070.486 G8
b BC
c LIBRO
d -54577
e LIBRO
f v.4
h 60346
i 69549
s i
949 ## - PROCESAMIENTO DE INFORMACIÓN LOCAL (OCLC)
a 070.486 G8
b BC
c LIBRO
d 33724000304259
e LIBRO
f v.1 c.2
h 78717
i 69549
s i
Holdings
Estado de retiro Estado de pérdida Fuente del sistema de clasificación o colocación Estado dañado Restricciones de uso No para préstamo Código de colección Localización permanente Ubicación/localización actual Ubicación en estantería Fecha de adquisición Información codificada de la localización en otra ubicación Total de préstamos Signatura topográfica completa Código de barras Fecha visto por última vez Número de copia Precio válido a partir de Tipo de ítem Koha
    Dewey Decimal Classification   Préstamo 15 días   General Biblioteca Central Biblioteca Central Planta alta - Colección General 31/12/2019 LIBRO   070.486 G8 33724000304259 31/12/2019 v.1 c.2 31/12/2019 Libro
        Préstamo interno   Publicaciones UACh Biblioteca Central Biblioteca Central Planta alta - Área de Tesis - UACh 31/12/2019 LIBRO   070.486 G8 v.2 33724002448446 31/12/2019   31/12/2019 Libro
        Préstamo interno   Publicaciones UACh Biblioteca Central Biblioteca Central Planta alta - Área de Tesis - UACh 31/12/2019 LIBRO   070.486 G8 v.3 33724002448488 31/12/2019   31/12/2019 Libro
        Préstamo interno   Publicaciones UACh Biblioteca Central Biblioteca Central Planta alta - Área de Tesis - UACh 31/12/2019 LIBRO   070.486 G8 v.4 33724002448520 31/12/2019   31/12/2019 Libro
        Préstamo interno   Publicaciones UACh Biblioteca Central Biblioteca Central Planta alta - Área de Tesis - UACh 31/12/2019 LIBRO   070.486 G8 33724002448405 31/12/2019 v.1 31/12/2019 Libro